000 00489nam a2200217 454500
001 025179
003 BD-ChCU
008 Eng
020 _ax
040 _aDLC
_cDLC
_dBD-ChCU
082 0 0 _a181.4/CHC
100 1 _aSharma, Chandradhar.
_bx
245 1 0 _aA critical survey of Indian philosophy
_bx
250 _ax
260 _aDelhi
_bMotilal
_c1979
300 _a414
504 _a
650 0 _aPhilosophy, Indian
_bPhilosophy, Indian
700 1 _ax
942 _2ddc
_cBK
999 _c25179
_d25179